000 01340 a2200289 4500
003 Nust
005 20170207154048.0
035 _a(CaPaEBR)ebr10062748
040 _cNust
082 0 4 _a910
100 _aIan Douglas, Richard Huggett and Mike Robinson.
245 0 0 _aCompanion encyclopedia of geography (E-Book)
_h[Elektronisk resurs]
_bthe environment and humankind /
_cIan Douglas, Richard Huggett and Mike Robinson.
260 _aLondon :
_bRoutledge,
_c1996.
300 _axxviii, 1021 p. :
_bill., maps.
505 _aPart I: A Differentiated World (Page-8), Part II: A World Transformed By The Growth Of A Global Economy (Page-155), Part III: The Global Scale Of Habitat Modification (Page-327), Part IV: A World Of Questions (Page-477), Part V: Changing Worlds, Changing Geographies (Page-790).
650 0 _aEarth sciences.
650 0 _aGeography.
651 _a(E-Book)
655 7 _aElectronic books.
700 1 _aDouglas, Ian,
_d1936-
700 1 _aHuggett, Richard J.
700 1 _aRobinson, Mike.
710 2 _aebrary, Inc.
856 4 0 _uhttp://site.ebrary.com/lib/kristianstad/Doc?id=10062748
856 4 0 _uhttp://webproxy.student.hig.se:2048/login?url=http://site.ebrary.com/lib/gavlebiblioteket/Doc?id=10062748
856 4 0 _uhttps://persefone.his.se/login?url=http://site.ebrary.com/lib/hiskovde/Doc?id=10062748
942 _2ddc
_cBK
999 _c192976
_d192976